000 00638cam a2200193 4500500
005 20260111080202.0
041 _afre
042 _adc
100 1 0 _aAlbert, Jean-Luc
_eauthor
245 0 0 _aLes compensations des transferts de compétences
260 _c2017.
500 _a33
690 _aautonomie financière
690 _acompensation
690 _afinances locales
690 _atransferts de compétence
786 0 _nGestion & Finances Publiques | 2 | 2 | 2017-01-30 | p. 44-56 | 1969-1009
856 4 1 _uhttps://droit.cairn.info/revue-gestion-et-finances-publiques-2017-2-page-44?lang=fr&redirect-ssocas=7080
999 _c1615990
_d1615990